000 00602nam a2200229Ia 4500
003 OSt
005 20220924122816.0
006 a|||||r|||| 00| 0
007 ta
008 220923b |||||||| |||| 00| 0 urd d
024 _a317152
037 _cTextual
040 _aARTS
_cARTS
_burd
041 _2urd
_aurd
082 _aO168,1NNAx, L8
100 _aRudolvi Najum
_9190795
245 0 _aHangam-e-sehar
260 _aLucknow
_bNajum Rudolvi India
_c1978
650 _aURDU POETRY
942 _hO168,1NNAx, L8
_cTEXL
_2CC
999 _c413155
_d413155